00690nam a2200241 a 4500001001300000003000900013005001700022008004100039020001000080082001900090100002500109245003400134260003600168300000900204500003500213505001300248650001700261700002500278902000800303942000700311952011500318999001500433nice12345678IN_TiNIC20260116011757.0050524s1941 dela grp 000 0 urd  ac2.500a297.1221bKHA1 aKhan, Muhammad Ajmal aTartib-E-Nazul-E-Qur`an Majid aDelhibKutub Khana Aziziac1941 a99p. aincludes index and biblioraphy2 aAppendix aQuran-Origin1 aKhan, Muhammad Ajmal bSRS cBK 001040708StackRoom-aHMIbHMId2007-07-30g2.50l0o297.1221 KHA1p05834r2007-07-30v2.50w2005-05-24yBK c3882d3882